Dream smp Members - Statistiken

Allgemein
  • Dieses Quiz wurde 125 mal gespielt
  • Das Durchschnittsergebnis liegt bei 12 aus 15
Antwortstatistiken
Hint Anwser % Korrekt
Leader of the smp Dream
100%
Cadillac Tommy
91%
s*x on the craftingtable Tubbo
90%
He wants to f*ck the brown M&M Wilbur
90%
MexicanDream Quackity
89%
The second worst thing to happen to those Orphans Technoblade
89%
Language Badboyhalo
88%
always slepping georgenotfound
88%
We simp when he is crouching Sapnap
88%
Furry Fundy
85%
German Nihachu
83%
Dad of 3 Philza
80%
He really lost his mind Ranboo
69%
very deep voice Eret
42%
Side burns JSchlatt
35%
Keine übereinstimmenden Quizze gefunden
Verteilung der Resultate
Anzahl Personen mit jedem Resultat
Perzentil nach korrekt beantworteten Fragen
Ihre Resultats-Entwicklung
Sie haben dieses Quiz noch nicht gespielt